000
00342 a2200157 4500
001
44551
020
_a
8576751755
040
_c
Anchieta - Aquarius
100
_a
Montoro, Suzana
240
1
0
_a
=Em busca da sombra
_l
por
245
1
0
_a
=Em busca da sombra
300
_a
69
362
0
_a
2007
650
4
_a
Literatura brasileira
942
_c
BK
999
_c
44551
_d
44551